Tratamiento gubernamental e internacional del desplazamiento forzado en Colombia /
Salvato in:
| Autore principale: | |
|---|---|
| Natura: | testo |
| Soggetti: | |
| Tags: |
Aggiungi Tag
Nessun Tag, puoi essere il primo ad aggiungerne!!
|
MARC
| LEADER | 00000 a a2200000 04500 | ||
|---|---|---|---|
| 001 | 9709 | ||
| 003 | |||
| 040 | |||
| 100 | |a Vono de Vilhena, Daniela | ||
| 245 | |a Tratamiento gubernamental e internacional del desplazamiento forzado en Colombia / |c Daniela Vono de Vilhena | ||
| 650 | |a PERSONAS DESPLAZADAS | ||
| 650 | |a POLITICA GUBERNAMENTAL | ||
| 773 | |g número 12; páginas 42-44 | ||
| 999 | |c 20991 |d 20991 | ||
